States with the Most Colleges Quiz Stats

 Plays Quiz Updated Dec 18, 2018

Score 0/16 Timer 02:00
3 Plays Today
Rank State % Correct
1California
99.1%
2New York
97.8%
4Texas
96.5%
6Florida
95.2%
5Ohio
83.4%
3Pennsylvania
82.7%
7Illinois
82.3%
11Massachusetts
79.7%
Rank State % Correct
8Georgia
79.5%
15Michigan
78.8%
9North Carolina
78.6%
12Virginia
78.1%
14Indiana
69.3%
15Tennessee
57.7%
12Minnesota
52.8%
10Missouri
50.8%

You're not logged in!

Compare scores with friends on all Sporcle quizzes.
OR
Log In

Sporcle TV

Today on Sporcle TV


Watch our educational content, quiz creation guides, and fun videos on Sporcle TV.

Show Comments

Extras

Top Quizzes Today


Score Distribution

Your Account Isn't Verified!

In order to create a playlist on Sporcle, you need to verify the email address you used during registration. Go to your Sporcle Settings to finish the process.

Report this User

Report this user for behavior that violates our Community Guidelines.

Details: